| 000 | 00776nab a2200277 4500 | ||
|---|---|---|---|
| 003 | BR-BrBNA | ||
| 005 | 20250102160514.0 | ||
| 008 | 250102b bl.||||| |||| 00| 0 por d | ||
| 040 |
_aBR-BrBNA _bpor |
||
| 072 |
_aF06 ; F04 _b1000 |
||
| 100 | _aDimenstein, Luiz | ||
| 245 | _aRachadura de frutos em citros | ||
| 500 | _a10 illus. | ||
| 650 | _aFERTIRRIGAÇÃO | ||
| 650 | _aCITROS | ||
| 650 | _aFENOLOGIA | ||
| 650 | _aNUTRIENTE | ||
| 650 | _aCATION | ||
| 650 | _aCONDUTIVIDADE ELÉTRICA | ||
| 650 | _aSOLUÇÃO DO SOLO | ||
| 650 | _aDOSAGEM | ||
| 650 | _aADUBAÇÃO FOLIAR | ||
| 773 | 0 |
_04820 _9344752 _dVotuporanga/SP IRRIGAZINE 2009 _o2024-5081 _tIrrigazine (Brazil) _g(87) p. 18-20; (Jun 2024) _wBR2024004545 |
|
| 942 | _cANA | ||
| 999 |
_c329485 _d329485 |
||